Partides rurals d'Elx - Estadísticas

Estadísticas generales
  • Esta prueba ha sido intentada 47 veces
  • La puntuación promedio es 8 de 31
Respuestas en el mapa
Las respuestas están codificadas por una escala verde-roja en el mapa de la prueba según el % correcto abajo.
 
Estadísticas de respuestas
Resposta % Correcto
Elx
76%
l'Altet
65%
Altabix
59%
Carrús
56%
la Marina
56%
Matola
50%
la Foia d'Elx
47%
Perleta
35%
Algoda
24%
el Pla de Sant Josep
24%
Jubalcoi
24%
Algorós
21%
el Derramador
21%
Asprella
18%
la Penya de les Àguiles
18%
Maitino
18%
Puçol
18%
Daimes
15%
els Bassars
15%
la Baia Alta
15%
la Baia Baixa
15%
la Vallverda Alta
12%
la Vallverda Baixa
12%
el Ferriol
9%
Santa Ana
9%
Torre del Pla Alt
9%
Torre del Pla Baix
9%
Atzavares Alt
6%
Atzavares Baix
6%
la Vallonga
6%
Salades
6%
No se encontraron pruebas coincidentes
Distribución de puntuación
Porcentaje de gente con cada puntuación
Porcentaje por número respondido
Historial de tus puntuaciones
No has intentado esta prueba.